Albertine Dispaure (Record no. 50417)

MARC details
000 -LEADER
fixed length control field 00415nam a2200145Ia 4500
008 - FIXED-LENGTH DATA ELEMENTS--GENERAL INFORMATION
fixed length control field 211109s9999||||xx |||||||||||||| ||und||
082 ## - DEWEY DECIMAL CLASSIFICATION NUMBER
Classification number 823
Item number PRO-A
100 ## - MAIN ENTRY--PERSONAL NAME
Personal name Proust, Marcel
245 #0 - TITLE STATEMENT
Title Albertine Dispaure
260 ## - PUBLICATION, DISTRIBUTION, ETC.
Name of publisher, distributor, etc. Un Known
Place of publication, distribution, etc. Kozhikode
Date of publication, distribution, etc. 1900
300 ## - PHYSICAL DESCRIPTION
Extent 258p.
630 ## - SUBJECT ADDED ENTRY--UNIFORM TITLE
General subdivision General stack
650 ## - SUBJECT ADDED ENTRY--TOPICAL TERM
Topical term or geographic name entry element English fiction
942 ## - ADDED ENTRY ELEMENTS (KOHA)
Koha item type BOOK
650 ## - SUBJECT ADDED ENTRY--TOPICAL TERM
Form subdivision English & Old English literatures
General subdivision Literature & rhetoricGeneralia
Holdings
Withdrawn status Lost status Damaged status Not for loan Home library Current library Date acquired Cost, normal purchase price Total Checkouts Full call number Barcode Shelving location Date last seen Price effective from Koha item type
        SB LIBRARY SB LIBRARY 09/11/2021 100.00   823 PRO-A 00092603 GENERAL STACK 09/11/2021 09/11/2021 BOOK

Powered by Koha